00350 a2200121 4500020002600000035001300026037004500039082000800084100002200092245004700114260004400161300002300205 a9780007113804c575.60 aB-211575 bRP-ZLS-2783 / UBH-07-08:6 / RP-07-08:ENG14a8821 aChristies, Agatha1 aMurder in Mesopotamiacby Agatha Christies aLondonbHarper Collins Publishersc2001 a351 pc18 cm (pbk)